Fr. Conceicao Rodrigues College of Engineering

Idli (Record no. 25580)

MARC details
000 -LEADER
fixed length control field 00342nam a2200169Ia 4500
082 ## - DEWEY DECIMAL CLASSIFICATION NUMBER
Classification number 808.83
Item number KAM
100 ## - MAIN ENTRY--PERSONAL NAME
Personal name Kamat/Vithal Venkatesh
245 ## - TITLE STATEMENT
Title Idli
260 ## - PUBLICATION, DISTRIBUTION, ETC.
Name of publisher, distributor, etc. Embassy Books
Date of publication, distribution, etc. 2014
366 ## - TRADE AVAILABILITY INFORMATION
Publishers's discount category 20
300 ## - PHYSICAL DESCRIPTION
Extent 208
546 ## - LANGUAGE NOTE
Language note ENGLISH
-- Computers
650 ## - SUBJECT ADDED ENTRY--TOPICAL TERM
Topical term or geographic name entry element Fiction
654 ## - SUBJECT ADDED ENTRY--FACETED TOPICAL TERMS
Focus term will power
942 ## - ADDED ENTRY ELEMENTS (KOHA)
Koha item type BOOK
Holdings
Withdrawn status Lost status Damaged status Not for loan Collection Home library Current library Date acquired Source of acquisition Cost, normal purchase price Inventory number Total Checkouts Full call number Barcode Date last seen Cost, replacement price Price effective from Koha item type
        CRC Fr. Agnel's C.Rodrigues College of Engineering Fr. Agnel's C.Rodrigues College of Engineering 17/03/2023 Book Service Syndicate 200.00 58 dt 11.06.2014   808.83 KAM 23206 17/03/2023 250.00   BOOK